[Event "Kuala Lumpur Varsity-ch 20th"]
[Site "Kuala Lumpur"]
[Date "2016.01.21"]
[Round "2"]
[White "Toh, Yew Leong"]
[Black "Adam Adonis, Iskandar Danial"]
[Result "1-0"]
[WhiteElo "1949"]
[BlackElo "1723"]
[PlyCount "160"]
[EventDate "2016.01.21"]
[EventType "swiss"]
[EventRounds "9"]
[EventCountry "MAS"]
[SourceTitle "CBM 170 Extra"]
[Source "ChessBase"]
[SourceDate "2016.02.25"]
[SourceVersion "1"]
[SourceVersionDate "2016.02.25"]
[SourceQuality "1"]

1. d4 Nf6 2. c4 d6 3. Nf3 Nbd7 4. g3 e5 5. Bg2 Be7 6. 0-0 0-0 7. b3 Re8 8. Bb2 Bf8 9. dxe5 dxe5 10. Qc2 c6 11. e3 g6 12. Rd1 Qc7 13. Nc3 Bg7 14. Ba3 Bf8 15. Bb2 Bg7 16. Rd2 Nc5 17. b4 Bf5 18. Qd1 Nce4 19. Nxe4 Nxe4 20. Re2 Rad8 21. Qa4 Nd6 22. c5 Nc4 23. Bc3 Bd3 24. Ree1 b5 25. Qd1 Be4 26. Qc1 Rd3 27. Ng5 Bxg2 28. Kxg2 Rxc3 29. Qxc3 e4 30. Qc2 Bxa1 31. Rxa1 Qe7 32. h4 h6 33. Nh3 Qf6 34. Rd1 g5 35. hxg5 hxg5 36. Ng1 Kg7 37. Rd4 Qe6 38. a4 a6 39. Qc3 Qf6 40. axb5 axb5 41. Qc2 Qe6 42. Qd1 Kg6 43. Qa1 Qf6 44. Qa7 Re7 45. Qa8 Re6 46. Qg8+ Qg7 47. Qb8 Nb2 48. Rd6 Qf6 49. Qg8+ Qg7 50. Rxe6+ fxe6 51. Qe8+ Qf7 52. Qxc6 Qf5 53. Qe8+ Kh7 54. Qh5+ Kg7 55. Nh3 g4 56. Nf4 Qxh5 57. Nxh5+ Kf8 58. c6 Ke7 59. Nf6 Kd6 60. Nxe4+ Kxc6 61. Nc5 Kd5 62. f3 gxf3+ 63. Kxf3 Na4 64. Nd3 Kc4 65. Ne5+ Kxb4 66. g4 Nb6 67. g5 Nc8 68. g6 Ne7 69. g7 Kc3 70. Nc6 Ng8 71. Ke4 b4 72. Nd4 b3 73. Nxb3 Kxb3 74. Kd4 Nh6 75. e4 Kb4 76. Ke5 Kc5 77. Kxe6 Kc6 78. e5 Kc7 79. Ke7 Ng8+ 80. Kf8 Nh6 1-0